[Event "SR 2. liga A 2012/2013"]
[Site "?"]
[Date "2012.12.01"]
[Round "14.6"]
[White "Mikulas, Dusan"]
[Black "Puchart, Vladimir"]
[Result "1/2-1/2"]
[WhiteElo "2102"]
[BlackElo "2051"]
[PlyCount "140"]
[EventDate "2012.??.??"]
[WhiteTeam "DP BA"]
[BlackTeam "Trnava B"]

1. e4 c5 2. Nf3 d6 3. d4 cxd4 4. Nxd4 Nf6 5. Nc3 a6 6. f4 e5 7. Nf3 Qc7 8. Bd3
Be7 9. O-O O-O 10. Kh1 Nbd7 11. f5 b5 12. a3 Bb7 13. Qe1 Rfe8 14. Qg3 d5 15.
exd5 Nxd5 16. Bh6 Bf8 17. Nxd5 Bxd5 18. f6 Nxf6 19. Nh4 Kh8 20. Rae1 Rac8 21.
Bf5 Be6 22. Bg5 Bxf5 23. Rxf5 Re6 24. Rf2 Qc4 25. Rfe2 Rce8 26. Bxf6 Rxf6 27.
Nf3 e4 28. Nd2 Qxc2 29. h3 Bd6 30. Qe3 Qc6 31. Nb3 h6 32. Nd4 Qb6 33. Qd2 Bg3
34. Rd1 Bf4 35. Qe1 e3 36. Nf3 Rfe6 37. Qh4 Bb8 38. Rde1 Qd6 39. Qh5 Rf6 40.
Qg4 Rg6 41. Qf5 Rf6 42. Qc2 Rfe6 43. Qf5 Qf4 44. Qd3 Kg8 45. Rc1 Rd6 46. Qc2
Red8 47. Rce1 Rd3 48. Qc1 Rd2 49. Rxe3 Qxe3 50. Rxe3 Rd1+ 51. Re1 Rxc1 52. Rxc1
Bf4 53. Rf1 Rd3 54. Re1 Re3 55. Kg1 Rxe1+ 56. Nxe1 Kf8 57. Kf2 Ke7 58. Kf3 Bd6
59. Ke4 Ke6 60. Nc2 Be5 61. b3 f5+ 62. Kd3 g6 63. Nb4 a5 64. Nc6 Bd6 65. Nd4+
Kd5 66. Nxb5 Be5 67. Nc3+ Kc5 68. Na4+ Kb5 69. Nc3+ Kc5 70. Na4+ Kd5 1/2-1/2

[Event "SR 2. liga A 2012/2013"]
[Site "?"]
[Date "2012.12.01"]
[Round "14.7"]
[White "Stetina, Erik"]
[Black "Kuna, Vladimir"]
[Result "1-0"]
[WhiteElo "2037"]
[BlackElo "2016"]
[PlyCount "63"]
[EventDate "2012.??.??"]
[WhiteTeam "Trnava B"]
[BlackTeam "DP BA"]

1. Nf3 d5 2. g3 Nf6 3. Bg2 g6 4. O-O Bg7 5. d3 O-O 6. Nbd2 Bg4 7. h3 Bxf3 8.
exf3 c6 9. f4 Nbd7 10. Re1 Re8 11. Nf3 Qc7 12. c3 Nh5 13. d4 e6 14. b3 c5 15.
Bb2 c4 16. Ne5 b5 17. bxc4 bxc4 18. Ba3 Rab8 19. Qa4 Nb6 20. Qa5 Nf6 21. Rab1
Bf8 22. Rb5 Bxa3 23. Qxa3 Nfd7 24. Ng4 Kg7 25. Reb1 h5 26. Ne3 h4 27. Ra5 hxg3
28. fxg3 Nc8 29. Re1 Rb7 30. Nxd5 exd5 31. Rxe8 Nf6 32. Qf8+ 1-0

[Event "SR 2. liga A 2012/2013"]
[Site "?"]
[Date "2012.12.01"]
[Round "14.8"]
[White "Hecht, Tomas"]
[Black "Sturdik, Igor"]
[Result "1-0"]
[WhiteElo "1963"]
[BlackElo "2027"]
[PlyCount "49"]
[EventDate "2012.??.??"]
[WhiteTeam "DP BA"]
[BlackTeam "Trnava B"]

1. e4 Nf6 2. e5 Nd5 3. c4 Nb6 4. d4 d6 5. f4 dxe5 6. fxe5 Nc6 7. Be3 Bf5 8. Nf3
e6 9. Be2 Nb4 10. Na3 c5 11. O-O cxd4 12. Nxd4 Bg6 13. Ndb5 Be7 14. Qxd8+ Bxd8
15. Nd6+ Kf8 16. Nxb7 Be7 17. Rad1 Nc6 18. Bf4 Rb8 19. Bf3 Rxb7 20. Bxc6 Rc7
21. Bb5 Bc5+ 22. Kh1 Ke7 23. Bg5+ f6 24. exf6+ Kf7 25. fxg7+ 1-0

[Event "SR 2. liga A 2012/2013"]
[Site "?"]
[Date "2012.12.01"]
[Round "15.1"]
[White "Zatko, Gregor"]
[Black "Dolnak, Michal"]
[Result "1-0"]
[WhiteElo "2148"]
[BlackElo "2115"]
[PlyCount "153"]
[EventDate "2012.??.??"]
[WhiteTeam "DNV B"]
[BlackTeam "Krasnany"]

1. d4 Nf6 2. Bf4 d5 3. e3 e6 4. c3 Be7 5. Nd2 O-O 6. Ngf3 b6 7. Ne5 Bb7 8. Bd3
c5 9. Qf3 Nc6 10. Qh3 g6 11. Ndf3 Nxe5 12. dxe5 Nh5 13. Bh6 Ng7 14. Qg4 Bc8 15.
h4 f5 16. Qg3 Nh5 17. Qh3 Bb7 18. Bxf8 Qxf8 19. Ng5 Ng7 20. f4 h5 21. O-O Bxg5
22. hxg5 Qf7 23. Qf3 Ne8 24. Qd1 Nc7 25. b4 c4 26. Be2 Bc8 27. a4 a6 28. Kf2
Bd7 29. Rh1 Be8 30. Rh4 Ra7 31. Qd2 Qd7 32. Bd1 Rb7 33. Bc2 Bf7 34. Rah1 Ne8
35. Bd1 Ng7 36. R4h3 Qe8 37. Qc2 Qc6 38. g4 fxg4 39. Bxg4 Be8 40. Bd1 Nf5 41.
Re1 Rd7 42. Bf3 Qc7 43. e4 dxe4 44. Bxe4 Qd8 45. Re2 Rf7 46. Bxf5 Rxf5 47. Kg3
Bc6 48. Rd2 Qf8 49. Rf2 a5 50. bxa5 bxa5 51. Qd2 Bd5 52. Kh2 Qa3 53. Qc2 Qa1
54. Qe2 Qxa4 55. Rg3 Qa1 56. Rf1 Qa3 57. Qd2 Rf7 58. f5 Rxf5 59. Rxf5 gxf5 60.
g6 Qe7 61. Kh3 Kg7 62. Qe3 Be4 63. Qf4 Qd8 64. Qe3 Qe7 65. Rg1 a4 66. Qe2 Qd8
67. Qxh5 Qh8 68. Qxh8+ Kxh8 69. Kh4 f4 70. Kg5 f3 71. Kf6 a3 72. g7+ Kg8 73.
Rh1 Bh7 74. Rxh7 Kxh7 75. Kf7 f2 76. g8=Q+ Kh6 77. Qg6# 1-0

[Event "SR 2. liga A 2012/2013"]
[Site "?"]
[Date "2012.12.01"]
[Round "15.2"]
[White "Slacky, Stanislav"]
[Black "Svaralova, Monika"]
[Result "1/2-1/2"]
[WhiteElo "2198"]
[BlackElo "2021"]
[PlyCount "77"]
[EventDate "2012.??.??"]
[WhiteTeam "Krasnany"]
[BlackTeam "DNV B"]

1. d4 Nf6 2. c4 e6 3. Nf3 b6 4. g3 Ba6 5. b3 d5 6. Bg2 Nbd7 7. cxd5 exd5 8. O-O
Bd6 9. Nc3 c6 10. Re1 O-O 11. Bf4 Bxf4 12. gxf4 Rc8 13. Ne5 Rc7 14. Rc1 Ne8 15.
e3 Nxe5 16. fxe5 f6 17. Qg4 fxe5 18. dxe5 Bc8 19. Qg3 g6 20. Red1 Ng7 21. f4
Kh8 22. Ne2 Nf5 23. Qf2 Nh4 24. Bxd5 cxd5 25. Rxc7 Qxc7 26. Qxh4 Qc2 27. Qe1
Bh3 28. Rd2 Qf5 29. Ng3 Qe6 30. Qc1 g5 31. Rf2 gxf4 32. exf4 Rc8 33. Rc2 Rxc2
34. Qxc2 Qg4 35. Qd2 Qf3 36. Qf2 Qd1+ 37. Nf1 d4 38. f5 Qg4+ 39. Ng3 1/2-1/2

[Event "SR 2. liga A 2012/2013"]
[Site "?"]
[Date "2012.12.01"]
[Round "15.4"]
[White "Petreje, Juraj"]
[Black "Szollos, Ondrej"]
[Result "0-1"]
[WhiteElo "2150"]
[BlackElo "1979"]
[PlyCount "86"]
[EventDate "2012.??.??"]
[WhiteTeam "Krasnany"]
[BlackTeam "DNV B"]

1. d4 Nf6 2. c4 d6 3. Nc3 Nbd7 4. e4 e5 5. d5 Be7 6. Nf3 c5 7. Bd3 Nf8 8. Qc2
Ng6 9. g3 Bg4 10. Ng1 a6 11. a3 Rb8 12. f3 Bd7 13. b4 b6 14. h4 Nh5 15. Nge2
O-O 16. Be3 Re8 17. Bf2 h6 18. Nd1 b5 19. bxc5 dxc5 20. Ne3 Qa5+ 21. Kf1 b4 22.
Kg2 b3 23. Qc3 Qxc3 24. Nxc3 Nhf4+ 25. gxf4 Nxf4+ 26. Kg3 Nxd3 27. Bg1 g6 28.
Ng4 b2 29. Rb1 Rb3 30. Nd1 Kg7 31. Be3 h5 32. Ngf2 Nf4 33. Rxb2 Reb8 34. Ra2 f6
35. Rd2 Bd6 36. Ra2 Nd3 37. Nxd3 Rxd3 38. Bc1 f5 39. Nb2 f4+ 40. Kf2 Rc3 41.
Ke2 Rc2+ 42. Kd3 Rf2 43. Kc3 Bc7 0-1

[Event "SR 2. liga A 2012/2013"]
[Site "?"]
[Date "2012.12.01"]
[Round "15.5"]
[White "Antala, Jan"]
[Black "Kebis, Milos"]
[Result "0-1"]
[WhiteElo "1945"]
[BlackElo "2002"]
[PlyCount "102"]
[EventDate "2012.??.??"]
[WhiteTeam "DNV B"]
[BlackTeam "Krasnany"]

1. e4 c6 2. d4 d5 3. exd5 cxd5 4. Bd3 Nf6 5. Nc3 Nc6 6. Nge2 e6 7. O-O Be7 8.
h3 Bd7 9. Be3 Rc8 10. Ng3 Na5 11. Nce2 Nc4 12. Bc1 b5 13. a3 Bc6 14. Nf4 g6 15.
Re1 Nd6 16. Nf1 Nde4 17. f3 Nd6 18. Qe2 g5 19. Nxe6 fxe6 20. Qxe6 Kf8 21. Bxg5
Nf7 22. h4 Bd7 23. Qe2 Bd6 24. c3 Nxg5 25. hxg5 Nh5 26. Ne3 Nf4 27. Qc2 Qxg5
28. Bf5 Rd8 29. Bxd7 Rxd7 30. Qf5+ Qxf5 31. Nxf5 Bc7 32. Re3 Rg8 33. g4 h5 34.
Rae1 Rd8 35. Re7 Bd6 36. Nxd6 Rxd6 37. Re8+ Kf7 38. R1e7+ Kf6 39. Rxg8 Kxe7 40.
Rg7+ Kf6 41. Rxa7 h4 42. Ra8 Kg7 43. Re8 h3 44. Re7+ Kg6 45. Re5 Rf6 46. Kh2
Nd3 47. Rxd5 Rxf3 48. Rxb5 Nf4 49. Rf5 Rf2+ 50. Kg1 Rg2+ 51. Kh1 Ne2 0-1

[Event "SR 2. liga A 2012/2013"]
[Site "?"]
[Date "2012.12.01"]
[Round "15.6"]
[White "Dzavik, Jozef"]
[Black "Zitniak, Jozef"]
[Result "1/2-1/2"]
[WhiteElo "2004"]
[BlackElo "1906"]
[PlyCount "157"]
[EventDate "2012.??.??"]
[WhiteTeam "Krasnany"]
[BlackTeam "DNV B"]

1. e4 e5 2. Nf3 Nc6 3. Bb5 d6 4. O-O Bd7 5. c3 Nf6 6. Qe2 a6 7. Ba4 Be7 8. h3
O-O 9. d3 b5 10. Bb3 Na5 11. Bc2 c5 12. Be3 Nc6 13. Nbd2 Qc7 14. Rac1 h6 15. d4
Rfd8 16. d5 Na7 17. Kh2 Nh7 18. Ng1 Rf8 19. g3 Nc8 20. f4 Bf6 21. f5 Qd8 22.
Ngf3 Kh8 23. Rf2 Ne7 24. g4 Ng8 25. Nf1 Qe7 26. Qd2 Ng5 27. Ng3 Nxf3+ 28. Rxf3
Kh7 29. Rcf1 Bg5 30. Nh5 f6 31. Kg3 Be8 32. h4 Bxe3 33. Rxe3 g6 34. fxg6+ Bxg6
35. Bd1 Rf7 36. Kh3 Raf8 37. Ng3 Kh8 38. Ref3 Qd7 39. Nf5 Rh7 40. Qf2 h5 41.
Rg3 Bxf5 42. Qxf5 Qxf5 43. Rxf5 hxg4+ 44. Bxg4 Ne7 45. Rf2 Ng6 46. h5 Nf4+ 47.
Kh4 Rg8 48. Bd1 Rhg7 49. Rxg7 Rxg7 50. Bg4 Kh7 51. Bd1 Kh6 52. Bg4 Rg5 53. Kg3
Nxh5+ 54. Kf3 Nf4 55. Rh2+ Kg7 56. b3 Ng6 57. a4 Ne7 58. axb5 axb5 59. Ra2 f5
60. exf5 Nxf5 61. Ra6 Kf6 62. Rb6 b4 63. cxb4 cxb4 64. Bxf5 Rxf5+ 65. Ke3 Ke7
66. Rxb4 Rh5 67. Rb7+ Kd8 68. b4 Kc8 69. Rb6 Kc7 70. Rc6+ Kd7 71. Rb6 Rh4 72.
Rb7+ Kc8 73. Rb6 Kc7 74. Rc6+ Kd7 75. Rb6 Rd4 76. Rb7+ Kc8 77. Rb5 Kc7 78. Ke2
Kc8 79. Ke3 1/2-1/2

[Event "SR 2. liga A 2012/2013"]
[Site "?"]
[Date "2012.12.01"]
[Round "15.7"]
[White "Stefani, Peter"]
[Black "Mandak, Miroslav"]
[Result "0-1"]
[WhiteElo "1900"]
[BlackElo "1973"]
[PlyCount "126"]
[EventDate "2012.??.??"]
[WhiteTeam "DNV B"]
[BlackTeam "Krasnany"]

1. c4 e5 2. Nc3 Nf6 3. Nf3 Nc6 4. e3 d6 5. d4 Be7 6. d5 Nb8 7. e4 O-O 8. h3
Nbd7 9. Qc2 a5 10. Be3 b6 11. Be2 Nc5 12. O-O Ne8 13. Bxc5 bxc5 14. Bd3 g6 15.
Qe2 Ng7 16. Nd2 Nh5 17. Qd1 Nf4 18. Bc2 Kh8 19. Ne2 Bg5 20. Nxf4 Bxf4 21. Nf3
f5 22. exf5 gxf5 23. g3 Bh6 24. Kh2 Qf6 25. b3 Bd7 26. Ng1 Bg7 27. f3 Rg8 28.
Rb1 Bh6 29. Qe1 Rg7 30. Rf2 Rag8 31. Rg2 Ra8 32. a4 Qg5 33. Qf2 Rag8 34. Qe1
Ra8 35. Qf2 Qh5 36. Qe1 Qg5 37. Qf2 Qd8 38. Qe1 Qf8 39. Qf2 Be8 40. Qe1 Bg6 41.
Qf2 Rf7 42. Qe1 Bg5 43. Ne2 Qh6 44. Ng1 Be3 45. Re2 Bd4 46. Qd2 f4 47. g4 Be3
48. Qe1 Re7 49. Qf1 Rb8 50. Qg2 Rb4 51. Qf1 Re8 52. Qd1 Reb8 53. Rg2 Bxg1+ 54.
Rxg1 Qg5 55. Bxg6 Qxg6 56. Rf1 Kg7 57. Rf2 Rxc4 58. Rfb2 Rcb4 59. Qe1 c4 60.
Qc3 Qd3 61. Qxd3 cxd3 62. Kg2 Rd4 63. Kf2 Rxd5 0-1

[Event "SR 2. liga A 2012/2013"]
[Site "?"]
[Date "2012.12.01"]
[Round "15.8"]
[White "Mikulasek, Viktor"]
[Black "Jurcak, Marian"]
[Result "0-1"]
[WhiteElo "1861"]
[BlackElo "1872"]
[PlyCount "84"]
[EventDate "2012.??.??"]
[WhiteTeam "Krasnany"]
[BlackTeam "DNV B"]

1. e4 c5 2. Nf3 d6 3. d4 cxd4 4. Nxd4 Nf6 5. Nc3 a6 6. a3 e5 7. Nf3 Nc6 8. h3
Be7 9. Be3 O-O 10. Bd3 Be6 11. O-O d5 12. exd5 Nxd5 13. Nxd5 Bxd5 14. Be2 f5
15. c4 Be6 16. Qxd8 Raxd8 17. Bb6 Rd7 18. Rfd1 Bf6 19. Rxd7 Bxd7 20. Rd1 Be6
21. b4 Rc8 22. b5 axb5 23. cxb5 Ne7 24. Rd8+ Kf7 25. Rxc8 Nxc8 26. Bc7 e4 27.
Ne5+ Ke7 28. f4 Bb3 29. g4 g6 30. g5 Bg7 31. Kf2 Ke6 32. Ke3 Bf8 33. Bc4+ Bxc4
34. Nxc4 Bc5+ 35. Ke2 Nd6 36. Bxd6 Bxd6 37. Ke3 Bc5+ 38. Ke2 Kd5 39. Ne5 Bxa3
40. Nd7 Be7 41. h4 Ke6 42. Ne5 Bd6 0-1

[Event "SR 2. liga A 2012/2013"]
[Site "?"]
[Date "2012.12.01"]
[Round "16.1"]
[White "Hajek, Lukas"]
[Black "Petenyi, Tamas"]
[Result "0-1"]
[WhiteElo "2155"]
[BlackElo "2457"]
[PlyCount "56"]
[EventDate "2012.??.??"]
[WhiteTeam "Doprastav C"]
[BlackTeam "D. Streda B"]

1. d4 Nc6 2. d5 Ne5 3. e4 Ng6 4. f4 e5 5. dxe6 fxe6 6. Nf3 Bc5 7. Nc3 d6 8. Na4
Bb4+ 9. Bd2 Bxd2+ 10. Qxd2 Bd7 11. Nc3 Qf6 12. g3 O-O-O 13. O-O-O N8e7 14. Bc4
Nc6 15. Rhf1 h6 16. h4 Kb8 17. h5 Nge7 18. g4 g6 19. f5 gxf5 20. exf5 exf5 21.
g5 hxg5 22. Nxg5 Ne5 23. Be2 Bc6 24. Nce4 Qh6 25. Nc5 Rdg8 26. Nce6 Bd7 27. Qb4
Bxe6 28. Rxd6 Qxg5+ 0-1

[Event "SR 2. liga A 2012/2013"]
[Site "?"]
[Date "2012.12.01"]
[Round "16.2"]
[White "Takacs, Laszlo"]
[Black "Frindt, Kornel"]
[Result "1/2-1/2"]
[WhiteElo "2134"]
[BlackElo "2189"]
[PlyCount "107"]
[EventDate "2012.??.??"]
[WhiteTeam "D. Streda B"]
[BlackTeam "Doprastav C"]

1. e4 c5 2. Nf3 Nc6 3. d4 cxd4 4. Nxd4 Nf6 5. Nc3 e5 6. Ndb5 d6 7. Bg5 a6 8.
Na3 b5 9. Nd5 Be7 10. Bxf6 Bxf6 11. c3 Bg5 12. Nc2 O-O 13. Nce3 Bd7 14. Be2 Ne7
15. Bg4 Bc6 16. Nxe7+ Bxe7 17. Nd5 g6 18. Qd3 Kh8 19. O-O-O Bxd5 20. Qxd5 Qb6
21. Rhf1 Kg7 22. Kb1 b4 23. c4 a5 24. f4 exf4 25. Rxf4 Qc5 26. Rff1 Ra7 27.
Qxc5 dxc5 28. Rd5 Rd8 29. Rfd1 Rxd5 30. Rxd5 Rc7 31. Kc2 Bf6 32. e5 Bg5 33. Kb3
Be3 34. Ka4 Bd4 35. b3 Re7 36. Kb5 h5 37. Bc8 f5 38. Rd7 Rxd7 39. Bxd7 Kf7 40.
e6+ Ke7 41. Kxa5 g5 42. Ka4 f4 43. a3 bxa3 44. Kxa3 Bc3 45. b4 Bxb4+ 46. Kb3 g4
47. Kc2 h4 48. Kd3 Ba5 49. Ke2 Bc7 50. h3 f3+ 51. gxf3 gxh3 52. Kf2 Bf4 53. Kg1
Kd6 54. Kh1 1/2-1/2

[Event "SR 2. liga A 2012/2013"]
[Site "?"]
[Date "2012.12.01"]
[Round "16.3"]
[White "Petrik, Stanislav"]
[Black "Jablonicky, Frantisek"]
[Result "1-0"]
[WhiteElo "2171"]
[BlackElo "2173"]
[PlyCount "95"]
[EventDate "2012.??.??"]
[WhiteTeam "Doprastav C"]
[BlackTeam "D. Streda B"]

1. e4 c6 2. c4 d5 3. cxd5 cxd5 4. exd5 Nf6 5. Nc3 Nxd5 6. Bc4 e6 7. Qf3 Nb4 8.
Qe4 Be7 9. Nf3 Nd7 10. d4 Nf6 11. Qe2 O-O 12. O-O b6 13. Ne5 Bd7 14. Rd1 Nbd5
15. Ba6 Bd6 16. Bg5 Bc8 17. Nxd5 exd5 18. Rac1 Bxa6 19. Qxa6 Bxe5 20. dxe5 h6
21. Bh4 g5 22. Bg3 Ne4 23. Qb7 Nc5 24. Qc6 d4 25. Qxh6 Ne6 26. h4 Rc8 27. Rxc8
Qxc8 28. hxg5 Qc2 29. Rf1 Qf5 30. f4 d3 31. Qh3 Qe4 32. f5 Nxg5 33. Qh5 Nh7 34.
Rf4 Qe3+ 35. Kh2 Qe2 36. Qxe2 dxe2 37. Re4 Re8 38. Rxe2 Nf6 39. Kh3 Nd7 40. Kg4
Nc5 41. Bh4 Nd3 42. Bf6 Rc8 43. g3 Kf8 44. Rh2 Ke8 45. e6 Rc4+ 46. Kf3 fxe6 47.
fxe6 Ne1+ 48. Ke3 1-0

[Event "SR 2. liga A 2012/2013"]
[Site "?"]
[Date "2012.12.01"]
[Round "16.4"]
[White "Rachela, Jozef"]
[Black "Petrik, Karol"]
[Result "1/2-1/2"]
[WhiteElo "2093"]
[BlackElo "2091"]
[PlyCount "110"]
[EventDate "2012.??.??"]
[WhiteTeam "D. Streda B"]
[BlackTeam "Doprastav C"]

1. e4 d5 2. exd5 Qxd5 3. Nf3 a6 4. Be2 e5 5. d3 Nf6 6. Nc3 Qd6 7. Bg5 Nc6 8. a3
Be7 9. Qd2 Bf5 10. h3 O-O 11. O-O Rfe8 12. Rfe1 Rad8 13. Rad1 h6 14. Bh4 Qe6
15. Bf1 Nd5 16. Bxe7 Ndxe7 17. Qe3 f6 18. Ne4 Bh7 19. Nc5 Qc8 20. g3 Nf5 21.
Qd2 b6 22. Nb3 Kh8 23. Qc3 Qd7 24. Bg2 Bg8 25. g4 Bxb3 26. Qxb3 Ncd4 27. Nxd4
Nxd4 28. Qc4 b5 29. Qc5 Qd6 30. Qxd6 cxd6 31. c3 Ne6 32. Bb7 Rb8 33. Bc6 Re7
34. Kh2 a5 35. d4 b4 36. axb4 axb4 37. dxe5 dxe5 38. c4 b3 39. Rc1 Rc7 40. Bd5
Nf4 41. Red1 Rc5 42. Ra1 h5 43. gxh5 Nxh5 44. Ra7 Nf4 45. Rg1 g5 46. h4 Nxd5
47. cxd5 Rxd5 48. hxg5 e4 49. Rg4 Rxg5 50. Rh4+ Kg8 51. Rxe4 Rg7 52. Ree7 Rxe7
53. Rxe7 Kf8 54. Ra7 Rc8 55. Rb7 Rc2 1/2-1/2

[Event "SR 2. liga A 2012/2013"]
[Site "?"]
[Date "2012.12.01"]
[Round "16.5"]
[White "Krajnak, Robert"]
[Black "Partys, Petr"]
[Result "1/2-1/2"]
[WhiteElo "2075"]
[BlackElo "2027"]
[PlyCount "69"]
[EventDate "2012.??.??"]
[WhiteTeam "Doprastav C"]
[BlackTeam "D. Streda B"]

1. c4 Nf6 2. Nf3 e6 3. b3 b6 4. Bb2 Bb7 5. e3 d5 6. Be2 Be7 7. O-O O-O 8. d3
Nbd7 9. Nbd2 Re8 10. Rc1 Bd6 11. cxd5 exd5 12. Nd4 c5 13. Nf5 Bf8 14. Rc2 a5
15. a4 Rc8 16. Qa1 Ba6 17. Nf3 g6 18. Ng3 Bd6 19. Rfc1 Qe7 20. d4 Bxe2 21. Rxe2
Ne4 22. Rec2 Rcd8 23. Rd1 h5 24. dxc5 Bxg3 25. hxg3 Ndxc5 26. Qa2 Qb7 27. Ba1
f6 28. Qb2 Kh7 29. Nh4 Re6 30. Nf3 Ree8 31. Nd4 Rd6 32. Nb5 Rde6 33. Nd4 Rd6
34. Nb5 Rde6 35. Nd4 1/2-1/2

[Event "SR 2. liga A 2012/2013"]
[Site "?"]
[Date "2012.12.01"]
[Round "16.6"]
[White "Merva, Frantisek"]
[Black "Goga, Frantisek"]
[Result "0-1"]
[WhiteElo "2006"]
[BlackElo "1944"]
[PlyCount "53"]
[EventDate "2012.??.??"]
[WhiteTeam "D. Streda B"]
[BlackTeam "Doprastav C"]

1. d4 Nf6 2. c4 g6 3. Nc3 Bg7 4. e4 d6 5. g3 O-O 6. Bg2 c5 7. Nge2 Nc6 8. dxc5
dxc5 9. Be3 Qa5 10. Qa4 Qxa4 11. Nxa4 Nb4 12. O-O Nc2 13. Bxc5 Nxa1 14. Bxe7
Re8 15. Bxf6 Bxf6 16. Rxa1 Be6 17. Rc1 Rac8 18. b3 Red8 19. Nac3 Rd2 20. e5
Bxe5 21. Bxb7 Rcd8 22. c5 Rb2 23. f4 Bxc3 24. Nxc3 Rdd2 25. Nb5 Rxa2 26. c6
Rg2+ 27. Kf1 0-1

[Event "SR 2. liga A 2012/2013"]
[Site "?"]
[Date "2012.12.01"]
[Round "16.7"]
[White "Vinarcik, Jan"]
[Black "Tomovicsova, Evelina"]
[Result "1-0"]
[WhiteElo "1908"]
[BlackElo "1792"]
[PlyCount "91"]
[EventDate "2012.??.??"]
[WhiteTeam "Doprastav C"]
[BlackTeam "D. Streda B"]

1. e4 e5 2. Nf3 Nc6 3. Bb5 a6 4. Bxc6 dxc6 5. d4 exd4 6. Qxd4 Qxd4 7. Nxd4 Bd7
8. Be3 O-O-O 9. Nc3 g6 10. O-O-O Bg7 11. f3 Ne7 12. Nde2 f5 13. Bg5 Rde8 14.
Rhe1 h6 15. Be3 g5 16. Bd4 Bxd4 17. Nxd4 fxe4 18. Nxe4 Nf5 19. Nxf5 Bxf5 20.
Ng3 Bg6 21. c3 Rxe1 22. Rxe1 Re8 23. Rxe8+ Bxe8 24. Kd2 Bg6 25. Ke3 Kd7 26. Ne4
b6 27. f4 gxf4+ 28. Kxf4 Ke6 29. g4 a5 30. h4 b5 31. a3 Kd5 32. Nd2 Bc2 33. Nf1
Bg6 34. Ne3+ Kc5 35. h5 Bh7 36. Nf5 b4 37. Nxh6 bxa3 38. bxa3 Kc4 39. g5 Kxc3
40. g6 Bg8 41. Nxg8 c5 42. h6 c4 43. h7 Kb3 44. h8=Q c3 45. Ke3 c2 46. Qa1 1-0

[Event "SR 2. liga A 2012/2013"]
[Site "?"]
[Date "2012.12.01"]
[Round "16.8"]
[White "Kahancova, Jana"]
[Black "Farkas, Vladimir"]
[Result "0-1"]
[WhiteElo "1597"]
[BlackElo "1898"]
[PlyCount "50"]
[EventDate "2012.??.??"]
[WhiteTeam "D. Streda B"]
[BlackTeam "Doprastav C"]

1. e4 c5 2. Nf3 d6 3. d4 cxd4 4. Nxd4 Nf6 5. Nc3 g6 6. f3 Bg7 7. Qd3 O-O 8. Be3
Nc6 9. Be2 Bd7 10. g4 a6 11. O-O-O Rc8 12. Rdg1 Ne5 13. Qd1 Nc4 14. Bxc4 Rxc4
15. Nb3 Be6 16. h4 b5 17. a3 b4 18. axb4 Rxb4 19. Nd5 Bxd5 20. exd5 Qc7 21. Kb1
Rb5 22. h5 Nxd5 23. Bc1 Rc8 24. hxg6 Nc3+ 25. bxc3 Qxc3 0-1

[Event "SR 2. liga A 2012/2013"]
[Site "?"]
[Date "2012.12.01"]
[Round "17.1"]
[White "Pagerka, Martin"]
[Black "Peitl, Tomas"]
[Result "0-1"]
[WhiteElo "2261"]
[BlackElo "2220"]
[PlyCount "100"]
[EventDate "2012.??.??"]
[WhiteTeam "Osuske B"]
[BlackTeam "DNV A"]

1. e4 e5 2. Nc3 Nf6 3. g3 Bc5 4. Bg2 a6 5. Nf3 d6 6. d3 Nc6 7. O-O Bg4 8. h3
Be6 9. Nh4 d5 10. Bg5 dxe4 11. dxe4 h6 12. Bxf6 Qxf6 13. Nd5 Qd8 14. Nf5 O-O
15. c3 Ne7 16. Ndxe7+ Bxe7 17. Qg4 Bf6 18. Rad1 Qc8 19. f4 Kh7 20. fxe5 Bxe5
21. Qh5 f6 22. Bf3 Qe8 23. Qh4 Qg6 24. Kg2 Rad8 25. Bg4 Qg5 26. Qxg5 hxg5 27.
Ne7 Bxg4 28. hxg4 g6 29. Nd5 Kg7 30. Nb4 Rd6 31. Rxd6 Bxd6 32. Rd1 Re8 33. Kf3
Kf7 34. Nd3 Rh8 35. Kg2 b5 36. Ne1 Ke6 37. Nc2 Ke5 38. Nd4 Kxe4 39. Nf3 Ke3 40.
b3 Rf8 41. Rd5 Re8 42. c4 bxc4 43. bxc4 Rb8 44. Ne1 Rb2+ 45. Kf1 Rf2+ 46. Kg1
Ke2 47. Nd3 Rf3 48. Nc1+ Ke3 49. c5 Rxg3+ 50. Kf1 Bf4 0-1

[Event "SR 2. liga A 2012/2013"]
[Site "?"]
[Date "2012.12.01"]
[Round "17.2"]
[White "Oprea, Erik"]
[Black "Bury, Rastislav"]
[Result "0-1"]
[WhiteElo "2125"]
[BlackElo "2099"]
[PlyCount "78"]
[EventDate "2012.??.??"]
[WhiteTeam "DNV A"]
[BlackTeam "Osuske B"]

1. e4 c5 2. Nf3 d6 3. d4 cxd4 4. Nxd4 Nf6 5. Nc3 a6 6. Be2 b5 7. Bf3 Bb7 8. e5
Bxf3 9. Qxf3 dxe5 10. Qxa8 exd4 11. Bf4 e5 12. Bxe5 dxc3 13. Qxb8 Qxb8 14. Bxb8
cxb2 15. Rb1 Bb4+ 16. Ke2 Bc3 17. Bd6 b4 18. Rhd1 Ne4 19. f3 Nxd6 20. Rxd6 Ke7
21. Rd3 Rc8 22. Re3+ Kd6 23. Rd3+ Kc5 24. a3 a5 25. a4 Re8+ 26. Kf2 Kc4 27. Rd7
Bd4+ 28. Kg3 Kc3 29. Rd1 Be5+ 30. f4 Kxc2 31. R7d2+ Kc3 32. Rd3+ Kc4 33. Rd5
Bc3 34. Rxa5 Re1 35. Rad5 b1=Q 36. Rxb1 Rxb1 37. Rd7 Ra1 38. Rc7+ Kd3 39. Rxf7
b3 0-1

[Event "SR 2. liga A 2012/2013"]
[Site "?"]
[Date "2012.12.01"]
[Round "17.3"]
[White "Jozefek, Michal"]
[Black "Hricak, Vasil"]
[Result "1-0"]
[WhiteElo "2060"]
[BlackElo "2124"]
[PlyCount "39"]
[EventDate "2012.??.??"]
[WhiteTeam "Osuske B"]
[BlackTeam "DNV A"]

1. d4 d6 2. Nf3 Nd7 3. e4 e5 4. Bc4 Be7 5. dxe5 dxe5 6. Qd5 Bb4+ 7. c3 Qe7 8.
cxb4 Nb6 9. Qd3 Qxb4+ 10. Nbd2 f6 11. Qb3 Qf8 12. Be6 Ne7 13. O-O g5 14. Bxc8
Rxc8 15. Nc4 h5 16. Be3 h4 17. Qb5+ Kf7 18. Bxg5 fxg5 19. Nxg5+ Kg8 20. Nxb6
1-0

[Event "SR 2. liga A 2012/2013"]
[Site "?"]
[Date "2012.12.01"]
[Round "17.4"]
[White "Machalova, Maria"]
[Black "Spacek, Oliver"]
[Result "0-1"]
[WhiteElo "2105"]
[BlackElo "1977"]
[PlyCount "80"]
[EventDate "2012.??.??"]
[WhiteTeam "DNV A"]
[BlackTeam "Osuske B"]

1. c4 d6 2. Nc3 e5 3. g3 g6 4. Bg2 Bg7 5. e3 f5 6. Nge2 Nf6 7. O-O O-O 8. Rb1
a5 9. a3 c6 10. d4 Be6 11. b3 Nbd7 12. d5 cxd5 13. Nxd5 e4 14. Nef4 Bf7 15.
Nxf6+ Nxf6 16. Bb2 a4 17. Bxf6 Bxf6 18. Nd5 axb3 19. Rxb3 Be5 20. Qd2 Qa5 21.
Rd1 Qc5 22. Rxb7 Qxa3 23. Rdb1 Qa2 24. Qxa2 Rxa2 25. Bf1 Rfa8 26. Ne7+ Kf8 27.
Nc6 Bf6 28. Rd7 R2a6 29. Nb8 Ra1 30. Rxa1 Rxa1 31. Kg2 Be6 32. Rxd6 Kf7 33. Rb6
f4 34. Rb7+ Kg8 35. gxf4 Bg4 36. Kg3 h5 37. h3 Bf3 38. Nd7 h4+ 39. Kh2 Rxf1 40.
Nxf6+ Kf8 0-1

[Event "SR 2. liga A 2012/2013"]
[Site "?"]
[Date "2012.12.01"]
[Round "17.5"]
[White "Polasek, Filip"]
[Black "Sosovicka, Juraj"]
[Result "1/2-1/2"]
[WhiteElo "2093"]
[BlackElo "2089"]
[PlyCount "59"]
[EventDate "2012.??.??"]
[WhiteTeam "Osuske B"]
[BlackTeam "DNV A"]

1. e4 e5 2. Nf3 Nc6 3. Nc3 Nf6 4. Bb5 Bb4 5. Nd5 Nxd5 6. exd5 e4 7. dxc6 dxc6
8. Be2 exf3 9. Bxf3 O-O 10. O-O Bf5 11. c3 Bd6 12. d4 Qd7 13. Be3 Rfe8 14. Re1
Be4 15. Bd2 Bd5 16. Rxe8+ Rxe8 17. Bxd5 cxd5 18. Qf3 c6 19. Re1 Rxe1+ 20. Bxe1
Qe6 21. Qe3 Qxe3 22. fxe3 h5 23. h3 Kh7 24. Kf2 Kg6 25. Kf3 f5 26. Bg3 Bxg3 27.
Kxg3 Kf6 28. Kh4 Kg6 29. Kg3 Kf6 30. Kh4 1/2-1/2

[Event "SR 2. liga A 2012/2013"]
[Site "?"]
[Date "2012.12.01"]
[Round "17.7"]
[White "Berger, Patrik"]
[Black "Prikler, Bruno"]
[Result "0-1"]
[WhiteElo "1930"]
[BlackElo "2092"]
[PlyCount "70"]
[EventDate "2012.??.??"]
[WhiteTeam "Osuske B"]
[BlackTeam "DNV A"]

1. e4 d6 2. d4 e5 3. Nf3 Nd7 4. Nc3 Ngf6 5. Be2 Be7 6. O-O O-O 7. h3 c6 8. a4
Qc7 9. Bg5 Re8 10. Qd2 Nf8 11. Rad1 Ne6 12. Be3 exd4 13. Nxd4 Nc5 14. f3 a5 15.
Bc4 Bf8 16. Bf4 Nfd7 17. Nf5 Ne5 18. Bxe5 dxe5 19. Qg5 Be6 20. Ne3 Qb6 21. Kh1
f6 22. Qg3 Qxb2 23. Bxe6+ Nxe6 24. Nf5 Kh8 25. Rd3 Rad8 26. Nd1 Qxc2 27. Rxd8
Rxd8 28. Nde3 Qxa4 29. Qg4 Qb3 30. h4 Nd4 31. f4 Nxf5 32. Nxf5 Qd3 33. Rf3 Qxe4
34. Nh6 gxh6 35. Rg3 Qg6 0-1